000 00956nam a22002897a 4500
001 BR7700827
003 BR-BrBNA
005 20230928085203.0
007 ta
008 230509b bl.||||| |||| 00| 0 por d
040 _aBR-BrBNA
_bpor
_cBiblioteca Nacional de Agricultura
041 _a(Por)
072 _aF27
_b1910
_b/G514
090 _ 1910 BR7700827
100 1 _aCarvalho, S.R. de
110 1 _aEscola Superior de Agricultura Luiz de Queiroz, Piracicaba, SP (Brasil)
_0Tese (Mestre em Solos e Nutricao de Plantas)
245 1 _aInfluencia de dois sistemas de manejo de pastagem na compactacao de uma terra roxa estruturada [Brasil]
260 3 _aPiracicaba, SP (Brasil):
_c1976.
300 _a89 p.
500 _a18 tables; Bibliography (50 ref.); Summaries (Eng, Por); Microficha
650 _aCompactacao do solo
650 _aSolo
650 _aPastagem
650 _aManejo
909 _a202309
_bLucia
_c55
_dLucia Elande
942 _cBK
999 _c23188
_d23188